La isla del tesoro / (Registro nro. 8485)

Detalles MARC
000 -LIDER
fixed length control field 00742cam a2200277 a 4500
001 - NÚMERO DE CONTROL
Identificador de número de control 070
003 - IDENTIFICACDOR DE NÚMERO DE CONTROL
control field DO-SdBNP
005 - DATE AND TIME OF LATEST TRANSACTION
control field 20180131112013.0
007 - CAMPOS FIJOS DE DESCRIPCIÓN FÍSICA
fixed length control field 070
008 - ELEMENTOS DE LONGITUD FIJA
fixed length control field 841203s 1988 sp 000 f spa d
020 ## - ISBN
International Standard Book Number 8435601323 (o. c.)
020 ## - ISBN
International Standard Book Number 8435601331
040 ## - FUENTE DE CATALOGACIÓN
Agencia que crea de manera original el registro BPMSU
Agencia que realiza la transcripción spa
Agencia que realiza la modificación BPMSU
100 1# - ASIENTO PRINCIPAL -- NOMBRE PERSONAL
Nombre personal Stevenson, Robert Louis,
Fechas asociadas con el nombre 1850-1894
245 13 - MENCIÓN DE TITULO
Título La isla del tesoro /
Mención de responsabilidad Robert Louis Stevens
260 ## - PUBLICACIÓN, DISTRIBUCIÓN, ETC. (PIE DE IMPRENTA)
Lugar de publicación, distribución, etc Barcelona:
Nombre del editor, distribuidor, etc. Roma;
Fecha de publicación, distribución, etc [1988]
300 ## - DESCRIPCIÓN FÍSICA
Extensión 114 p. ;
Otros detalles físicos il.
Dimensiones 19 cm.
490 1# - MENCIÓN DE SERIES
Mención de serie Biblioteca juvenil Albor
650 #4 - ENCABEZAMIENTO DE MATERIA--TEMÁTICO
Término temático o nombre geográfico como elemento de entrada NOVELA INGLESA
650 #4 - ENCABEZAMIENTO DE MATERIA--TEMÁTICO
Término temático o nombre geográfico como elemento de entrada LITERATURA INGLESA
830 #0 - ASIENTO SECUNDARIO DE SERIE--TÍTULO UNIFORME
Título uniforme Biblioteca juvenil Albor
Volume number/sequential designation 1
910 ## - VALIDACIÓN
Validación 202
942 ## - ADDED ENTRY ELEMENTS (KOHA)
Source of classification or shelving scheme Dewey Decimal Classification
Koha item type Libros
945 ## - INFORMACIÓN DE PROCESAMIENTO LOCAL
Información de procesamiento local Inventariado extranjero / 2017 VM
956 ## - LOCAL ELECTRONIC LOCATION AND ACCESS (OCLC)
Nombre de host Yngrid Lockward
Existencias
Withdrawn status Lost status Source of classification or shelving scheme Damaged status Not for loan Collection code Home library Current library Date acquired Source of acquisition Total Checkouts Barcode Date last seen Price effective from Koha item type Copy number
    Dewey Decimal Classification     Colección Juvenil General Biblioteca Pública Metropolitana Salomé Ureña Biblioteca Pública Metropolitana Salomé Ureña 10/28/2015 Donación   BPMSU15100218 10/28/2015 10/28/2015 Libros  
    Dewey Decimal Classification     Colección Juvenil General Biblioteca Pública Metropolitana Salomé Ureña Biblioteca Pública Metropolitana Salomé Ureña 10/28/2015 Donación   BPMSU15100219 10/28/2015 10/28/2015 Libros v. 2
    Dewey Decimal Classification       Biblioteca Pública Metropolitana Salomé Ureña Biblioteca Pública Metropolitana Salomé Ureña 10/28/2015 Donación   BPMSU15100220 10/28/2015 10/28/2015 Libros v. 3